Normal view
MARC view
Entry Personal Name
001 - CONTROL NUMBER
- control field: 152012
003 - CONTROL NUMBER IDENTIFIER
- control field:
005 - DATE AND TIME OF LATEST TRANSACTION
- control field: 20210601191629.0
008 - FIXED-LENGTH DATA ELEMENTS
- fixed length control field: 210601|| aca||aabn | a|a d
040 ## - CATALOGING SOURCE
- Original cataloging agency:
- Transcribing agency:
100 ## - HEADING--PERSONAL NAME
- Personal name: Bhatnagar, Y. C.,
- Dates associated with a name: 1940-
670 ## - SOURCE DATA FOUND
- Source citation: Work cat.: (): All India Conference on the Current Issues in Foreign Language Teaching (1981: Aurangabad) 152010, The current issues in foreign language teaching in India /, 1983
